| 000 | 00598nam a22001817a 4500 | ||
|---|---|---|---|
| 003 | OSt | ||
| 005 | 20250620063354.0 | ||
| 008 | 250620b |||||||| |||| 00| 0 eng d | ||
| 020 | _a978-621-427-241-9 | ||
| 040 |
_aDWCL - Main lib _cOC |
||
| 082 | _aFil. 658.83 B163p 2025 | ||
| 100 | _aBairan, Bonifacio P. | ||
| 245 |
_aPrinciples of market research/ _cBonifacio P. Bairan |
||
| 260 |
_aIntramuros, Manila: _b Unlimited Books Library Services & Publishing Inc., _cc2025. |
||
| 300 |
_axii, 258 pages: _billustrations; _c25cm. |
||
| 650 | _a1. Market research. | ||
| 942 |
_2ddc _cBK - FIL _kFil. _n0 |
||
| 999 |
_c3186 _d3186 |
||